|
|
|
|
| LEADER |
00000cam a2200000M 4500 |
| 001 |
EBOOKCENTRAL_on1229973321 |
| 003 |
OCoLC |
| 005 |
20240329122006.0 |
| 006 |
m d |
| 007 |
cr ||||||||||| |
| 008 |
210110s2020 xx o ||| 0 spa d |
| 040 |
|
|
|a YDX
|b eng
|c YDX
|d JSTOR
|d OCLCO
|d OCLCF
|d EBLCP
|d N$T
|d LUN
|d K6U
|d DGITA
|d OCLCQ
|d OCLCO
|d OCLCL
|
| 020 |
|
|
|a 8413771005
|q (electronic bk.)
|
| 020 |
|
|
|a 9788413771007
|q (electronic bk.)
|
| 029 |
1 |
|
|a AU@
|b 000070078110
|
| 035 |
|
|
|a (OCoLC)1229973321
|
| 037 |
|
|
|a 22573/ctv1dn40cg
|b JSTOR
|
| 050 |
|
4 |
|a KJE2061
|
| 080 |
|
|
|a 338.7
|
| 082 |
0 |
4 |
|a 346.407
|2 23
|
| 049 |
|
|
|a UAMI
|
| 100 |
1 |
|
|a GARCIA MANDALONIZ, MARTA.
|
| 245 |
1 |
4 |
|a Una sociedad mercantil simplificada y digitalizada
|h [electronic resource] :
|b un ecosistema emprendedor innovador, inclusivo y sostenible.
|
| 260 |
|
|
|a [S.l.] :
|b DYKINSON,
|c 2020.
|
| 300 |
|
|
|a 1 online resource
|
| 590 |
|
|
|a eBooks on EBSCOhost
|b EBSCO eBook Subscription Academic Collection - Worldwide
|
| 590 |
|
|
|a JSTOR
|b Books at JSTOR Demand Driven Acquisitions (DDA)
|
| 590 |
|
|
|a ProQuest Ebook Central
|b Ebook Central Academic Complete
|
| 650 |
|
0 |
|a Corporation law
|z European Union countries.
|
| 650 |
|
0 |
|a Commercial law
|z European Union countries.
|
| 650 |
|
7 |
|a Commercial law
|2 fast
|
| 650 |
|
7 |
|a Corporation law
|2 fast
|
| 651 |
|
7 |
|a European Union countries
|2 fast
|
| 758 |
|
|
|i has work:
|a Una sociedad mercantil simplificada y digitalizada (Text)
|1 https://id.oclc.org/worldcat/entity/E39PCXjryPRgBJ47tTmFrD7wkC
|4 https://id.oclc.org/worldcat/ontology/hasWork
|
| 856 |
4 |
0 |
|u https://ebookcentral.uam.elogim.com/lib/uam-ebooks/detail.action?docID=6484186
|z Texto completo
|
| 938 |
|
|
|a Digitalia Publishing
|b DGIT
|n DIGDYK1867
|
| 938 |
|
|
|a ProQuest Ebook Central
|b EBLB
|n EBL6484186
|
| 938 |
|
|
|a YBP Library Services
|b YANK
|n 301864119
|
| 938 |
|
|
|a EBSCOhost
|b EBSC
|n 2722884
|
| 994 |
|
|
|a 92
|b IZTAP
|